000 00525nam a2200169 i 4500
001 31195
003 ES-MaACL
005 20231227160935.0
007 t|
008 030128s1931 sp |||| | spa d
100 1 _aBenavente, Jacinto,
_d1866-1954
_927443
245 1 0 _aCuando los hijos de Eva no son los hijos de Adán
_b: comedia en tres actos /
_cJacinto Benavente.
260 _aMadrid :
_b[s.n.,
_c1931] (
_fHernando)
300 _a60 p. ;
_c20 cm.
852 _aES-MaACL
_j1749-F-15
999 _c31195
_d31195